| 000 | 00418nam a2200157 i 4500 | ||
|---|---|---|---|
| 001 | 84554 | ||
| 003 | ES-MaACL | ||
| 005 | 20230906175033.0 | ||
| 007 | t| | ||
| 008 | 041123s1961 xxc ||||1| eng d | ||
| 100 | 1 |
_aJohnston, George. _966772 |
|
| 245 | 1 | 4 |
_aThe cruising Auk / _cGeorge Johnston. |
| 260 |
_aToronto : _bUniversity Press, _c[1961] |
||
| 300 |
_a72 p. ; _c21 cm. |
||
| 852 |
_aES-MaACL _jC-21417 _bR.49865 |
||
| 999 |
_c84554 _d84554 |
||